000 00569nam a2200181Ia 4500
003 GCL
008 140319s9999 xx 000 0 ara d
020 _a3426291977
040 _aGCL /
_cGCL
082 0 4 _a813
_bن ب
100 1 _aنجلاء محمود محرم
245 1 0 _aالبئر /
_cنجلاء محمود محرم
260 _aالقاهرة :
_bمركز الحضارة العربية للاعلام والنشر ،
_c2003
300 _a101 ص ؛
_c20 سم
650 0 4 _aالادب العربى
650 0 4 _aالقصص العربية
942 _2ddc
_cBK
999 _c57621
_d57621